Catálogo del Fondo Reservado de la Biblioteca "Lic. Emilio Portes Gil" : 1540-1900 /

-д хадгалсан:
Номзүйн дэлгэрэнгүй
Байгууллагын зохиогч: México. Procuraduría General de la Repúblia. Dirección General de Constitucionalidad y Documentación Jurídica
Бусад зохиолчид: Deffis Ramos, María del Carmen (edición) (edición), González Morales, Angel (edición) (edición), Pérez Sánchez, Rubén F. (edición) (edición)
Формат: Ном
Хэл сонгох:испани
Хэвлэсэн: México : Procuraduría General de la República, 1999, c1999
Нөхцлүүд:
Шошгууд: Шошго нэмэх
Шошго байхгүй, Энэхүү баримтыг шошголох эхний хүн болох!

MARC

LEADER 00000nam^a2200000^a^4500
001 000111718
005 20250521000000.0
009 20260310093841.112
020 |a 968-818-157-9 
037 |a Acervo ITESO - Biblioteca 
041 |a ESP 
082 |a 027. 07253  |b PRO 
110 |a México.  |b Procuraduría General de la Repúblia. Dirección General de Constitucionalidad y Documentación Jurídica 
245 1 0 |a Catálogo del Fondo Reservado de la Biblioteca "Lic. Emilio Portes Gil" :  |b 1540-1900 /  |c PGR ; ed. de M.C. Deffis Ramos, A. González Morales, R.F. Pérez Sánchez. 
264 4 |a México :  |b Procuraduría General de la República,  |c 1999, c1999 
300 |a 194 p. 
336 |a texto  |b txt  |2 rdacontenido 
337 |a sin mediación  |b n  |2 rdamedio 
338 |a volumen  |b nc  |2 rdasoporte 
610 |a México.  |b Procuraduría General de la República 
649 |a XX 
650 |a Libros Antiguos y Raros -  |z México (Ciudad) -  |x Catálogos 
650 |a Catálogos de Bibliotecas -  |z México (Ciudad) 
650 |a Bibliotecas -  |x Colecciones Especiales 
650 |a Bibliotecas -  |z México (Ciudad) 
650 |a Biblioteconomía 
700 |a Deffis Ramos, María del Carmen  |e (edición) 
700 |a González Morales, Angel  |e (edición) 
700 |a Pérez Sánchez, Rubén F.  |e (edición) 
910 |a Fondo General 
920 |a Impresos - Libros 
930 |a Colección General 
905 |a 101 
901 |a 0500048549  |b IT1  |c ACC  |u 20250521 
902 |a https://opac.biblio.iteso.mx/vufind/Record/000111718